Recent case developments in planning law and practice 2003 (Record no. 117284)

MARC details
000 -LEADER
fixed length control field 03553cam a2200661 4500
001 - CONTROL NUMBER
control field ABS67756
008 - FIXED-LENGTH DATA ELEMENTS--GENERAL INFORMATION
fixed length control field 040505n2004 000 0 eng u
035 ## - SYSTEM CONTROL NUMBER
System control number (Sirsi) u126088
100 ## - MAIN ENTRY--PERSONAL NAME
Personal name Pugh-Smith, J
245 ## - TITLE STATEMENT
Title Recent case developments in planning law and practice 2003
260 ## - PUBLICATION, DISTRIBUTION, ETC.
Date of publication, distribution, etc. 2004
490 ## - SERIES STATEMENT
Series statement Journal of Planning and Environment Law
Volume/sequential designation April 2004, 398-418(21)
520 ## - SUMMARY, ETC.
Summary, etc. Reviews the key planning issues considered by the courts during 2003.The section on environmental impact assessment looks at: development consents; enforcement considerations; section 73 applications; later approvals; and the screening process. The planning inquiries section focuses on reasons for environmental impact assessment development consents and the scope of planning permissions. The enforcement section discusses: section 187B injunctions; the four-year rule; the demolition of existing buildings; the making of tree preservation orders; and nature conservation designations. The section on the application of planning policy considers the emergence of the importance of local plans; attempts to try and prevent a precedent and clarifies national policy. Other specific issues covered include: publicising planning applications; statements of common ground; competing future uses; permission costs in judicial review proceedings; and modifying section 106 agreements. Refers to case law throughout.
590 ## - LOCAL NOTE (RLIN)
Local note ABS
590 ## - LOCAL NOTE (RLIN)
Local note ABS
650 ## - SUBJECT ADDED ENTRY--TOPICAL TERM
Topical term or geographic name entry element R V SOS TRANSPORT EX P WELLS
650 ## - SUBJECT ADDED ENTRY--TOPICAL TERM
Topical term or geographic name entry element R V LONDON UNDERGROUND LTD AND OTHERS EX P HAMMERTON
650 ## - SUBJECT ADDED ENTRY--TOPICAL TERM
Topical term or geographic name entry element R V LONDON UNDERGROUND LTD EX P PROKOPP
650 ## - SUBJECT ADDED ENTRY--TOPICAL TERM
Topical term or geographic name entry element R V BROMLEY LBC AND ANOTHER EX P BARKER
650 ## - SUBJECT ADDED ENTRY--TOPICAL TERM
Topical term or geographic name entry element SMITH V SOS ENVIRONMENT
650 ## - SUBJECT ADDED ENTRY--TOPICAL TERM
Topical term or geographic name entry element R V LEWISHAM LBC AND ANOTHER EX P GOODMAN AND ANOTHER
650 ## - SUBJECT ADDED ENTRY--TOPICAL TERM
Topical term or geographic name entry element R V SOUTHWARK LBC EX P LAMBERT
650 ## - SUBJECT ADDED ENTRY--TOPICAL TERM
Topical term or geographic name entry element R V FIRST SOS EX P ORCHARD
650 ## - SUBJECT ADDED ENTRY--TOPICAL TERM
Topical term or geographic name entry element BELLWAY URBAN RENEWAL SOUTHERN V GILLESPIE
650 ## - SUBJECT ADDED ENTRY--TOPICAL TERM
Topical term or geographic name entry element R V MANSFIELD DC EX P JONES
650 ## - SUBJECT ADDED ENTRY--TOPICAL TERM
Topical term or geographic name entry element EVANS V FIRST SOS AND OTHERS
650 ## - SUBJECT ADDED ENTRY--TOPICAL TERM
Topical term or geographic name entry element YOUNGER HOMES (NORTHERN) LTD V FIRST SOS AND ANOTHER
650 ## - SUBJECT ADDED ENTRY--TOPICAL TERM
Topical term or geographic name entry element R V HAMMERSMITH AND FULHAM LBC EX P BURKETT
650 ## - SUBJECT ADDED ENTRY--TOPICAL TERM
Topical term or geographic name entry element R V NORTH YORKSHIRE CC EX P RICHARDSON
650 ## - SUBJECT ADDED ENTRY--TOPICAL TERM
Topical term or geographic name entry element R V HARTLEPOOL BC AND ANOTHER EX P GREGAN
650 ## - SUBJECT ADDED ENTRY--TOPICAL TERM
Topical term or geographic name entry element WREXHAM BC V BERRY
650 ## - SUBJECT ADDED ENTRY--TOPICAL TERM
Topical term or geographic name entry element SOUTH BUCKS DC V PORTER
650 ## - SUBJECT ADDED ENTRY--TOPICAL TERM
Topical term or geographic name entry element CHICHESTER DC V SEARLE AND OTHERS
650 ## - SUBJECT ADDED ENTRY--TOPICAL TERM
Topical term or geographic name entry element SAGE V SOS ENVIRONMENT AND OTHERS
650 ## - SUBJECT ADDED ENTRY--TOPICAL TERM
Topical term or geographic name entry element R V FIRST SOS EX P GOSBEE
650 ## - SUBJECT ADDED ENTRY--TOPICAL TERM
Topical term or geographic name entry element R V BROMSGROVE DC EX P BRENNON
650 ## - SUBJECT ADDED ENTRY--TOPICAL TERM
Topical term or geographic name entry element R V ENGLISH NATURE EX P FISHER
650 ## - SUBJECT ADDED ENTRY--TOPICAL TERM
Topical term or geographic name entry element BOWN V SOS TRANSPORT
650 ## - SUBJECT ADDED ENTRY--TOPICAL TERM
Topical term or geographic name entry element R V OXFORD CITY COUNCIL EX P J A PYE (OXFORD) LTD
650 ## - SUBJECT ADDED ENTRY--TOPICAL TERM
Topical term or geographic name entry element GLOUCESTER CITY COUNCIL V FIRST SOS
650 ## - SUBJECT ADDED ENTRY--TOPICAL TERM
Topical term or geographic name entry element ALDERNEY ESTATES V SOS TRANSPORT
650 ## - SUBJECT ADDED ENTRY--TOPICAL TERM
Topical term or geographic name entry element R V HARINGEY LBC AND ANOTHER EX P GAVIN
650 ## - SUBJECT ADDED ENTRY--TOPICAL TERM
Topical term or geographic name entry element DTLR CIRCULAR 5/2000
650 ## - SUBJECT ADDED ENTRY--TOPICAL TERM
Topical term or geographic name entry element R V WESTMINSTER LBC EX P MOUNT COOK LAND LTD AND ANOTHER
650 ## - SUBJECT ADDED ENTRY--TOPICAL TERM
Topical term or geographic name entry element R V NORTH SOMERSET DC AND ANOTHER EX P GARDEN AND LEISURE GROUP LTD
650 ## - SUBJECT ADDED ENTRY--TOPICAL TERM
Topical term or geographic name entry element ENVIRONMENT IMPACT ASSESSMENT
650 ## - SUBJECT ADDED ENTRY--TOPICAL TERM
Topical term or geographic name entry element DEVELOPMENT CONSENTS
650 ## - SUBJECT ADDED ENTRY--TOPICAL TERM
Topical term or geographic name entry element TOWN AND COUNTRY PLANNING ACT 1990 S73
650 ## - SUBJECT ADDED ENTRY--TOPICAL TERM
Topical term or geographic name entry element PLANNING INQUIRIES
650 ## - SUBJECT ADDED ENTRY--TOPICAL TERM
Topical term or geographic name entry element TOWN AND COUNTRY PLANNING ACT 1990 S187(B)
650 ## - SUBJECT ADDED ENTRY--TOPICAL TERM
Topical term or geographic name entry element TOWN AND COUNTRY PLANNING ACT 1990 S171(B)(1)
650 ## - SUBJECT ADDED ENTRY--TOPICAL TERM
Topical term or geographic name entry element TREE PRESERVATION ORDERS (TPOs)
650 ## - SUBJECT ADDED ENTRY--TOPICAL TERM
Topical term or geographic name entry element LOCAL PLAN
650 ## - SUBJECT ADDED ENTRY--TOPICAL TERM
Topical term or geographic name entry element TOWN AND COUNTRY PLANNING ACT 1990 S106
650 ## - SUBJECT ADDED ENTRY--TOPICAL TERM
Topical term or geographic name entry element PLANNING AND COMPULSORY PURCHASE ACT 2004
690 ## - LOCAL SUBJECT ADDED ENTRY--TOPICAL TERM (OCLC, RLIN)
Topical term or geographic name as entry element PLANNING-CASE LAW
942 ## - ADDED ENTRY ELEMENTS (KOHA)
Suppress in OPAC 0
Holdings
Withdrawn status Lost status Source of classification or shelving scheme Damaged status Not for loan Home library Current library Shelving location Date acquired Total Checkouts Full call number Barcode Date last seen Copy number Price effective from Koha item type
    Dewey Decimal Classification     London London Journal article 05/05/2004   ABS67756 126088-1001 06/08/2019 1 06/08/2019 Journal article